| 000 | 00000nam##2200000za#4500 |
| 001 | 9.623486 |
| 003 | CaOODSP |
| 005 | 20200706134902 |
| 007 | ta |
| 008 | 150406|1995||||xxc||||| f|0| 0 fre|d |
| 020 | |a0-662-99184-2 |
| 022 | |a1200-5231 |
| 040 | |aCaOODSP|bfre |
| 043 | |an-cn--- |
| 086 | 1 |aCS11-0019/80F |
| 245 | 00|aPourquoi l'inégalité des gains hebdomadaires a-t-elle augmenté au Canada? / |cpar René Morissette. |
| 260 | |aOttawa - Ontario : |bStatistique Canada. |c1995. |
| 300 | |a64p. : |bgraphiques, références, tableaux ; |c28 cm. |
| 490 | 1 |aDocuments de recherche|x1200-5231|vN° 80 |
| 563 | |aCouverture souple |
| 590 | |a95-34|b1995-08-25 |
| 691 | 07|aSalaire|2gcpds |
| 710 | 2 |aStatistique Canada. |bDirection des études analytiques. |
| 720 | 1 |aMorissette, René |
| 775 | 08|tWhy has inequality in weekly earnings increased in Canada? / |w(CaOODSP)9.612516 |
| 776 | 0#|tPourquoi l'inégalité des gains hebdomadaires a-t-elle augmenté au Canada? / |w(CaOODSP)9.604311 |
| 830 | #0|aDocuments de recherche,|x1200-5231|vN° 80|w(CaOODSP)9.512877 |